000 00368nam a2200157Ia 4500
003 OSt
008 191201s2008 xx 000 0 und d
082 _a658.18
_bFEC
100 _aFERRARO, Gary P
245 0 _aCultural Dimension of International Business
250 _aIMP
260 _aNew Delhi
_bPearson
_c2008
300 _a526
650 _aMBA
942 _2ddc
_cBK
999 _c4121
_d4121